Oranges to orange juice / (Record no. 1817)

MARC details
000 -LEADER
fixed length control field 01156cam a2200337 a 4500
001 - CONTROL NUMBER
control field 1817
003 - CONTROL NUMBER IDENTIFIER
control field FISKH
005 - DATE AND TIME OF LATEST TRANSACTION
control field 20231005110010.0
008 - FIXED-LENGTH DATA ELEMENTS--GENERAL INFORMATION
fixed length control field 020507s2003 nyua j b 001 0 eng
010 ## - LIBRARY OF CONGRESS CONTROL NUMBER
LC control number 2002007168
020 ## - INTERNATIONAL STANDARD BOOK NUMBER
International Standard Book Number 0516242652 (Library Binding)
020 ## - INTERNATIONAL STANDARD BOOK NUMBER
International Standard Book Number 0516243578 (Paperback)
040 ## - CATALOGING SOURCE
Original cataloging agency DLC
Transcribing agency DLC
Modifying agency DLC
Language of cataloging eng
042 ## - AUTHENTICATION CODE
Authentication code pcc
-- lcac
050 00 - LIBRARY OF CONGRESS CALL NUMBER
Classification number TX558.O7
Item number S64 2003
082 00 - DEWEY DECIMAL CLASSIFICATION NUMBER
Classification number 641.8/75
Edition number 21
100 1# - MAIN ENTRY--PERSONAL NAME
Personal name Snyder, Inez.
245 10 - TITLE STATEMENT
Title Oranges to orange juice /
Statement of responsibility, etc. by Inez Snyder.
260 ## - PUBLICATION, DISTRIBUTION, ETC.
Place of publication, distribution, etc. New York :
Name of publisher, distributor, etc. Scholastic,
Date of publication, distribution, etc. 2003.
300 ## - PHYSICAL DESCRIPTION
Extent 24 pages :
Other physical details color illustrations ;
Dimensions 16 x 19 cm.
490 1# - SERIES STATEMENT
Series statement How things are made
505 ## - FORMATTED CONTENTS NOTE
Formatted contents note F<br/>
520 ## - SUMMARY, ETC.
Summary, etc. An introduction to the process of making orange juice from fresh oranges.
521 8# - TARGET AUDIENCE NOTE
Target audience note 310<br/>
Source Lexile<br/>
521 8# - TARGET AUDIENCE NOTE
Target audience note F<br/>
Source Raz-Plus<br/>
650 #0 - SUBJECT ADDED ENTRY--TOPICAL TERM
Topical term or geographic name entry element Orange juice
Form subdivision Juvenile literature.
800 1# - SERIES ADDED ENTRY--PERSONAL NAME
Personal name Snyder, Inez.
Title of a work How things are made.
906 ## - LOCAL DATA ELEMENT F, LDF (RLIN)
a 7
b cbc
c orignew
d 1
e ecip
f 20
g y-gencatlg
942 ## - ADDED ENTRY ELEMENTS (KOHA)
Source of classification or shelving scheme Dewey Decimal Classification
Koha item type Books
Suppress in OPAC No
Holdings
Withdrawn status Lost status Source of classification or shelving scheme Damaged status Not for loan Collection Home library Current library Shelving location Date acquired Total Checkouts Full call number Barcode Date last seen Copy number Price effective from Koha item type Date last checked out
    Dewey Decimal Classification     Non-Fiction Footprints International School Library Network Toul Kork Campus Footprints International School Library Network Toul Kork Campus TK Primary Library Room(4th Floor), Bookcase 7, Shelves 57-60, Dark Green Books 10/04/2023   SNY 641.8 TX558.O7 FISBK02137 10/04/2023 1 10/04/2023 Books  
    Dewey Decimal Classification     Non-Fiction Footprints International School Library Network Toul Kork Campus Footprints International School Library Network Toul Kork Campus TK Primary Library Room(4th Floor), Bookcase 7, Shelves 57-60, Dark Green Books 10/04/2023 1 SNY 641.8 TX558.O7 FISBK02138 06/04/2025 2 10/04/2023 Books 04/02/2025